000
00305nam a2200121 a 4500
001
4140
005
20140414131933.0
008
090218s19uu xx 00 eng d
050
_a
REF 423.20
_b
C44 2005
245
_a
A Child's first dictionary.
260
_b
Educational Technologies Ltd.
999
_c
112310
_d
112310